| 000 | 00475nam a2200181Ia 4500 | ||
|---|---|---|---|
| 003 | OSt | ||
| 005 | 20260119101424.0 | ||
| 008 | 210210b1954 xxu||||| |||| 00| 0 eng d | ||
| 040 | _cAL | ||
| 041 | _akan | ||
| 082 | _a859/303 | ||
| 100 |
_aKUMATA (R G) _9148909 _dಕುಮಟಾ (ಆರ್.ಜಿ) |
||
| 245 |
_aRaktada kadalu: _bರಕ್ತದ ಕಡಲು |
||
| 260 |
_aBengaluru _b- _c1954 |
||
| 690 |
_aKannada Fiction _9148910 |
||
| 906 | _a021174 | ||
| 942 |
_2ddc _cBK |
||
| 999 |
_c145237 _d145237 |
||